00794nam a2200205 a 450000100060000000300080000600500170001400800410003102000270007203500190009904000270011804100080014508200290015311000360018224500940021826001550031230000330046750400500050065000380055073628BD-RjUL20211209082424.0170605s1991 bg ab b f000 0 eng d cTk200.00 ($25.00 U.S.) a(BD-RjUL)73846 aDLCcDLCdBD-RjULbeng aeng 223a641.095492bBAR 1991 aBangladesh Bureau of Statistics00aReport of the child nutritional status survey, 1989-90 /cBangladesh Bureau of Statistics aDhaka, Bangladesh :bBangladesh Bureau of Statistics, Statistics Division, Ministry of Planning, Govt. of the People's Republic of Bangladesh,c[1991] aix, 157 p. :bill. ;c28 cm. aIncludes bibliographical references (p. 157). aNutritionxEvaluationzBangladesh